[Event "Rio de Janeiro-ch 20th"]
[Site "Rio de Janeiro"]
[Date "1996.01.17"]
[Round "5"]
[White "Siviotti, Douglas"]
[Black "Teixeira, William A"]
[Result "0-1"]
[WhiteElo "1760"]
[BlackElo "1845"]
[PlyCount "86"]
[EventDate "1996.01.13"]
[EventType "swiss"]
[EventRounds "7"]
[EventCountry "BRA"]
[SourceTitle "EXT 2006"]
[Source "ChessBase"]
[SourceDate "2005.11.24"]
[SourceVersion "1"]
[SourceVersionDate "2005.11.24"]
[SourceQuality "1"]

1. e4 Nf6 2. e5 Nd5 3. c4 Nb6 4. c5 Nd5 5. Bc4 e6 6. d4 d6 7. cxd6 cxd6 8. Nf3 Nb6 9. Bb3 Nc6 10. 0-0 Be7 11. Nc3 0-0 12. Bf4 d5 13. a3 a6 14. Re1 Bd7 15. Qd3 Re8 16. Bc2 g6 17. g3 Nc4 18. Rab1 b5 19. h4 b4 20. Na2 bxa3 21. b3 Nb2 22. Rxb2 axb2 23. Ng5 Nb4 24. Nxb4 Bxb4 25. Nxh7 Bb5 26. Qf3 Rc8 27. Bxg6 fxg6 28. Bg5 Rf8 29. Nf6+ Rxf6 30. exf6 Kf7 31. Rb1 Ba3 32. h5 Qg8 33. Qf4 gxh5 34. b4 Bxb4 35. Rxb2 a5 36. Bh4 Qg4 37. Qh6 Qg6 38. Qf4 Bd3 39. Rxb4 axb4 40. Qd6 Qg8 41. Qe7+ Kg6 42. f7 Rc1+ 43. Kh2 Qxf7 0-1